00460 2200181 4500001002100000005001500021035002000036008004100056245006100097100001900158250000600177260003600183300001100219084001400230082000800244650001400252990001200266INLIS00000000000032720240503081454 a0010-0424000303240503 0 ind 1 aIlmuwan - Ilmuwan Muslim Pengubah Zaman /cKhabib Basori aBasori, Khabib a1 aJakarta :bCempaka Putih,c2015 a68 hlm a200 KHA i a200 4aNon Fiksi a0728743